000 00285nam a2200121 a 4500
008 100917s1969|||| d
245 1 0 _aMôj kolega čarodejník
100 1 _aDziewanowski, K.
044 _axo
_cSK
260 _bEpocha
_aBratislava
_c1969
020 _c15
041 _aslo
999 _c10473
_d10473